Flags of Central America & The Caribbean - Statistics

General Stats
  • This quiz has been taken 110 times
  • The average score is 17 of 20
Answer Stats
Picture Answer % Correct
Panama
96%
Jamaica
94%
Honduras
93%
Nicaragua
93%
Belize
90%
Cuba
90%
Costa rica
88%
Guatemala
88%
Haiti
88%
Barbados
87%
El salvador
87%
Trinidad and tobago
87%
Dominican Republic
85%
Bahamas
84%
Dominica
84%
St lucia
82%
Grenada
78%
Antigua and Barbuda
76%
St kitts and Nevis
72%
St vincent
72%
No matching quizzes found
Score Distribution
Percent of People with Each Score
Percentile by Number Answered
Your Score History
You have not taken this quiz